Online Catalogue and eLibrary

Creating a better world with victims of globalization : (Record no. 2757)

MARC details
000 -LEADER
fixed length control field 00259nam a2200097Ia 4500
008 - FIXED-LENGTH DATA ELEMENTS--GENERAL INFORMATION
fixed length control field 240331s9999 xx 000 0 und d
082 ## - DDC Classification
Item Number - Author Mark CRE
100 ## - MAIN ENTRY--PERSONAL NAME
Personal name Logo. ed
245 #0 - TITLE STATEMENT
Title Creating a better world with victims of globalization :
Remainder of title Logos- Volume 41
942 ## - Koha item type (Biblio)
Koha item type Books in Stacks (Lending)
Holdings
Lost status Damaged status Collection code Home library Current library Shelving location Date acquired Full call number Accession Number Item type
    Lending WERC Library WERC Library Social Science Cupboard 03/31/2024 337 CRE 5533 Books in Stacks (Lending)

© WERC Library